000 01293cam a22003254a 4500
999 _c41396
_d41396
001 13402878
003 OSt
005 20220103135615.0
008 031113s2004 flua b 001 0 eng
010 _a 2003067458
020 _a0415271754
040 _aDLC
_cDLC
_dDLC
042 _apcc
050 0 0 _aHV6074
_b.F564 2004
082 0 0 _a363.258
_222
_bCHA/F
245 0 0 _aFingerprints and other ridge skin impressions /
_cChristophe Champod ... [et al.].
260 _aBoca Raton, FL :
_bCRC Press,
_c2004.
300 _a285 p. :
_bill. ;
_c24 cm.
440 0 _aInternational forensic science and investigation series
504 _aIncludes bibliographical references and index.
650 0 _aFingerprints.
650 0 _aFingerprints
_xIdentification.
650 0 _aCriminal investigation.
650 0 _aForensic sciences.
700 1 _aChampod, Christophe
_98960
856 4 2 _3Publisher description
_uhttp://www.loc.gov/catdir/enhancements/fy0646/2003067458-d.html
906 _a7
_bcbc
_corignew
_d1
_eocip
_f20
_gy-gencatlg
942 _2ddc
_cBK
_h363.258
_iCHA/F
_k363.258
_mCHA/F